000
00265nam a2200133Ia 4500
100
_a
Thiruthuvadoss/M.A
490
_v
2
942
_c
BK
654
_a
Maths
245
_a
Magic Maths II
260
_b
Thiruthivadoss
082
_a
510/DAS
_b
DAS
546
_a
ENGLISH
999
_c
27103
_d
27103